Najdroższy piłkarz z każdego klubu Serie A - styczeń 2026 - Statystyki

Ogólne statystyki
  • Ten quiz został rozwiązany 161 razy
    38 od ostatniego zresetowania
  • Średni wynik to 6 z 20
Statystyki odpowiedzi
KLUB PIŁKARZ % Poprawnych
Inter Mediolan 85 mln Lautaro Martínez
88%
Juventus FC 75 mln Kenan Yıldız
85%
Como 1907 65 mln Nico Paz
82%
AC Milan 70 mln Rafael Leão
82%
SSC Napoli 45 mln Rasmus Højlund Alessandro Buongiorno Scott McTominay
64%
ACF Fiorentina 45 mln Moise Kean
61%
Atalanta BC 40 mln Éderson
27%
Bologna FC 35 mln Santiago Castro
15%
Cagliari 25 mln Marco Palestra
12%
US Lecce 15 mln Francesco Camarda Tiago Gabriel
9%
AS Roma 50 mln Manu Koné
9%
Parma 20 mln Zion Suzuki
9%
SS Lazio 30 mln Mario Gila
6%
Genoa CFC 18 mln Morten Frendrup
6%
US Sassuolo 15 mln Andrea Pinamonti
3%
Hellas Verona 12 mln Giovane
3%
Udinesse 20 mln Oumar Solet
3%
US Cremonese 8,5 mln Warren Bondo
3%
Torino FC 14 mln Cesare Casadei
0%
Pisa SC 7,5 mln Lorran
0%
Nie znaleziono quizów pasujących do podanych kryteriów
Rozkład punktacji
Procent ludzi z każdym wynikiem
Percentyl według liczby udzielonych odpowiedzi
Twoja historia wyników
Nie rozwiązałeś tego quizu od ostatniego zresetowania